| 000 | 00934nam a22002537a 4500 | ||
|---|---|---|---|
| 999 |
_c824 _d824 |
||
| 003 | AR-CdUCM | ||
| 008 | 190225b ||||| |||| 00| 0 spa d | ||
| 020 | _a0-87187-254-4 | ||
| 040 |
_aMUNICIPALIDAD PROVINCIAL DEL CUSCO _cBIBLIOTECA MUNICIPAL DEL CUSCO |
||
| 041 | _heng | ||
| 082 |
_a328.739 / _bC74 |
||
| 110 |
_aCongressional Quarterly Inc.(Washington, D.C.) _93122 |
||
| 245 | _aEl Congreso de los Estados Unidos: Estructura y funcionamiento / | ||
| 260 |
_aMéxico, D.F : _b Limusa, _c1992. |
||
| 300 |
_a248 páginas ; _c28 cm. |
||
| 505 | _aIntroducción -- Liderato del partido en el Congreso -- El proceso legislativo -- El sistema de comités -- Expansión del personal de comités... | ||
| 650 |
_aCiencias Políticas _93123 |
||
| 650 |
_aLiderazgo _93124 |
||
| 650 |
_aSistema democrático _93125 |
||
| 650 |
_aEstados Unidos _91805 |
||
| 650 |
_aDerecho _9739 |
||
| 942 |
_2ddc _cLIBROS |
||
| 945 |
_admma _d2019-02-25 |
||